<?xml version="1.0" encoding="UTF-8"?><?xml-stylesheet type="text/xsl" href="static/style.xsl"?><OAI-PMH xmlns="http://www.openarchives.org/OAI/2.0/" xmlns:xsi="http://www.w3.org/2001/XMLSchema-instance" xsi:schemaLocation="http://www.openarchives.org/OAI/2.0/ http://www.openarchives.org/OAI/2.0/OAI-PMH.xsd"><responseDate>2026-04-13T01:48:43Z</responseDate><request verb="GetRecord" identifier="oai:www.recercat.cat:2117/334593" metadataPrefix="marc">https://recercat.cat/oai/request</request><GetRecord><record><header><identifier>oai:recercat.cat:2117/334593</identifier><datestamp>2026-02-07T01:05:48Z</datestamp><setSpec>com_2072_1033</setSpec><setSpec>col_2072_452949</setSpec></header><metadata><record xmlns="http://www.loc.gov/MARC21/slim" xmlns:dcterms="http://purl.org/dc/terms/" xmlns:xsi="http://www.w3.org/2001/XMLSchema-instance" xmlns:doc="http://www.lyncode.com/xoai" xsi:schemaLocation="http://www.loc.gov/MARC21/slim http://www.loc.gov/standards/marcxml/schema/MARC21slim.xsd">
   <leader>00925njm 22002777a 4500</leader>
   <datafield ind2=" " ind1=" " tag="042">
      <subfield code="a">dc</subfield>
   </datafield>
   <datafield ind2=" " ind1=" " tag="720">
      <subfield code="a">Strömberg, N.</subfield>
      <subfield code="e">author</subfield>
   </datafield>
   <datafield ind2=" " ind1=" " tag="260">
      <subfield code="c">2019</subfield>
   </datafield>
   <datafield ind2=" " ind1=" " tag="520">
      <subfield code="a">In this paper, we present a generative design optimization (GDO) approach for additive manufacturing (AM) by using topology optimization, support vector machines, cellular lattice structures (CLS), design of experiments, morphing and metamodel-based design optimization. By starting from appropriate design domains, a trade-off curve of design concepts is generated by SIMP-based topology optimization (TO). Then, a smooth implicit representation of the TO-solution is established by classifying the discrete density values using soft non-linear support vector machines (SVM). Instead of using the standard soft non-linear SVM of Cortez and Vapnik, we classify the TO solutions by using the 1-norm SVM of Mangasarian. In such manner, the classification is obtained by linear programming instead ofquadratic programming. The implicit SVM-model is further modified by incorporating cellular lattice structures, such as e.g. Gyroid lattice structures, by applying boolean operators. Design of experiments using finite element analysis are then set up by morphing the CLS-modified SVM models for different volume fractions. Finally, metamodel-based design optimization is performed by using optimal ensembles of polynomial regression models, Kriging, radial basis function networks, polynomial chaos expansion and support vector regression. The steps presented above constitute our proposed generative design optimization approach for additive manufacturing and are presented in more detail in the paper.</subfield>
   </datafield>
   <datafield tag="653" ind2=" " ind1=" ">
      <subfield code="a">Àrees temàtiques de la UPC::Matemàtiques i estadística::Anàlisi numèrica::Mètodes en elements finits</subfield>
   </datafield>
   <datafield tag="653" ind2=" " ind1=" ">
      <subfield code="a">Finite element method</subfield>
   </datafield>
   <datafield tag="653" ind2=" " ind1=" ">
      <subfield code="a">Digital computer simulation</subfield>
   </datafield>
   <datafield tag="653" ind2=" " ind1=" ">
      <subfield code="a">Topology optimization, Support vector machines, Lattice Structures, Metamodels</subfield>
   </datafield>
   <datafield tag="653" ind2=" " ind1=" ">
      <subfield code="a">Simulació per ordinador digital</subfield>
   </datafield>
   <datafield ind2="0" ind1="0" tag="245">
      <subfield code="a">A generative design optimization approach for additive manufacturing</subfield>
   </datafield>
</record></metadata></record></GetRecord></OAI-PMH>